El corazón de la tierra (Record no. 26521)

MARC details
000 -LEADER
campo de control de longitud fija 00637nam a2200181 i 4500
001 - NÚMERO DE CONTROL
campo de control 26521
003 - IDENTIFICADOR DE NÚMERO DE CONTROL
campo de control ES-MaACL
005 - FECHA Y HORA DE LA ÚLTIMA TRANSACCIÓN
campo de control 20250815110832.0
007 - CAMPO FIJO DE DESCRIPCIÓN FÍSICA--INFORMACIÓN GENERAL
campo de control de longitud fija t|
008 - DATOS DE LONGITUD FIJA--INFORMACIÓN GENERAL
campo de control de longitud fija 030109s1953 sp af |||| | spa d
100 1# - ENTRADA PRINCIPAL--NOMBRE DE PERSONA
Nombre de persona Arévalo y Carretero, Celso.
9 (RLIN) 22669
245 13 - MENCIÓN DEL TÍTULO
Título El corazón de la tierra
Resto del título : ¿un libro escrito como si fuese una novela o una novela escrita como si fuese un libro? /
Mención de responsabilidad, etc. Celso Arévalo y Carretero.
260 ## - PUBLICACIÓN, DISTRIBUCIÓN, ETC.
Lugar de publicación, distribución, etc. Oviedo :
Nombre del editor, distribuidor, etc. [s.n.,
Fecha de publicación, distribución, etc. 1953] (
Fabricante Imp. La Carpeta)
300 ## - DESCRIPCIÓN FÍSICA
Extensión 240 p., 26 lám. :
Otras características físicas il. ;
Dimensiones 22 cm.
650 07 - PUNTO DE ACCESO ADICIONAL DE MATERIA--TÉRMINO DE MATERIA
Término de materia o nombre geográfico como elemento de entrada Geología
Fuente del encabezamiento o término embne
9 (RLIN) 13086
852 ## - LOCALIZACIÓN
Ubicación ES-MaACL
Número de control de estantería D-9298
Holdings
Estatus retirado Estado de pérdida Estado de daño No para préstamo Biblioteca de origen Biblioteca actual Ubicación en estantería Fecha de adquisición Fuente de adquisición Total de préstamos Signatura topográfica completa Código de barras Visto por última vez Precio de reemplazo Tipo de ítem Koha
        Biblioteca del Ateneo de Madrid Biblioteca del Ateneo de Madrid Sala Valle Inclán 17/01/2008     D-9298 901027372 23/02/2023 23/02/2023 Libro impreso